000 00330nam a2200145Ia 4500
003 OSt
005 20240119152349.0
008 170523s9999 xx 000 0 und d
020 _a9353437458
040 _cIIMT UNIVERSITY
100 _aRENDER
245 0 _aQUANTITATIVE ANALYSIS FOR MANAGEMENT
260 _bPHI
942 _2ddc
_c01
999 _c1898
_d1898